Statistiken für Deutsche Städte mit den höchsten Studentendichten

Klicken Sie hier um das Quiz zu spielen!

Allgemein

  • Dieses Quiz wurde 120 mal gespielt
  • Das Durchschnittsergebnis liegt bei 4 aus 10

Antwortstatistiken

Studentendichte in %Stadt% Korrekt
23,1Heidelberg
75%
31,2Tübingen
54%
33,1Marburg
44%
28,6Göttingen
42%
23,1Aachen
36%
45,7Gießen
34%
26,2Erlangen
29%
27,1Würzburg
21%
27,7Darmstadt
17%
23,7Passau
17%

Verteilung der Resultate

Perzentil nach korrekt beantworteten Fragen

Anzahl Personen mit jedem Resultat

Ihre Resultats-Entwicklung

Sie haben dieses Quiz noch nicht gespielt